000 00471nam a2200157 4500
999 _c5837
_d5837
008 161122b xxu||||| |||| 00| 0 eng d
022 _a9770118389007
082 _aDPer 641.05 F73 Mar-Jul 2013
100 _917750
_aSandique, Jill F.
245 _aInspired by China/
_cJill F. Sandique.
260 _aQuezon City:
_bABS CBN Publishing, Inc.,
_c©2013.
300 _apage 19;
_c30 cm.
500 _aFood.
650 0 _917751
_aFlavoring essences
942 _2ddc
_cPER